Every Premier League Goalscorer for Coventry City - Statistics

General Stats
  • This quiz has been taken 81 times
  • The average score is 25 of 52
Answer Stats
Player % Correct
Dion Dublin
85%
Robbie Keane
79%
John Williams
76%
Paul Williams
76%
Gary McAllister
74%
Cobi Jones
71%
Darren Huckerby
68%
Mick Quinn
68%
Mustapha Hadji
68%
Youssef Chippo
68%
Noel Whelan
65%
David Smith
62%
Steve Froggatt
62%
Paul Telfer
59%
Peter Ndlovu
59%
Brian Borrows
56%
David Busst
56%
Craig Bellamy
53%
George Boateng
53%
John Hartson
50%
Roy Wegerle
50%
Andy Pearce
47%
David Rennie
47%
David Thompson
47%
John Salako
47%
Marcus Hall
47%
Gary Breen
44%
John Aloisi
44%
Phil Babb
44%
Trond Egil Soltvedt
44%
Ysrael Zúñiga
41%
Carlton Palmer
38%
Kevin Gallacher
38%
Liam Daish
38%
Viorel Moldovan
38%
Cédric Roussel
35%
Julian Darby
35%
Micky Gynn
35%
Sean Flynn
35%
John Eustace
32%
Lee Carsley
32%
Mick Harford
32%
Steve Morgan
32%
Eoin Jess
29%
Lee Hurst
29%
Robert Rosario
29%
Marc Edworthy
26%
Marques Isaias
26%
Paul Cook
26%
Leigh Jenkinson
21%
Mike Marsh
21%
Steven Pressley
21%
No matching quizzes found
Score Distribution
Percent of People with Each Score
Percentile by Number Answered
Your Score History
You have not taken this quiz